000 00392cam a2200169ua 4500
020 _c1.25
041 _amal
_h
082 _a894.812308
_bPAD/EN
100 _aPadiyath, .
245 _aEntemon Phagiyollona /
_cPadiyath.
_hTextual Documents
260 _aKollam :
_bM S Books ,
_c1962.
300 _a126 ; .
365 _a1.25
504 _a
942 _cBK
999 _c4520
_d4520